Misojosentusojosderramándose (Record no. 186491)

MARC details
000 -LEADER
campo de control de longitud fija 01171nam a2200277 i 4500
001 - NÚMERO DE CONTROL
campo de control 186491
003 - IDENTIFICADOR DE NÚMERO DE CONTROL
campo de control SpMaBN
005 - FECHA Y HORA DE LA ÚLTIMA TRANSACCIÓN
campo de control 20230906222659.0
008 - DATOS DE LONGITUD FIJA--INFORMACIÓN GENERAL
campo de control de longitud fija 161117s2006 sp ao c |||| | spa d
020 ## - NÚMERO INTERNACIONAL ESTÁNDAR DEL LIBRO
Número Internacional Estándar del Libro 978-84-935132-4-5 MUSAC
020 ## - NÚMERO INTERNACIONAL ESTÁNDAR DEL LIBRO
Número Internacional Estándar del Libro 978-84-7506-760-5 Turner
080 ## - NÚMERO DE LA CLASIFICACIÓN DECIMAL UNIVERSAL
Número de la Clasificación Decimal Universal 75 Verbis, Daniel (060.64)
100 1# - ENTRADA PRINCIPAL--NOMBRE DE PERSONA
Nombre de persona Verbis, Daniel (
Fechas asociadas al nombre 1968-)
9 (RLIN) 161293
245 10 - MENCIÓN DEL TÍTULO
Título Misojosentusojosderramándose
Resto del título : Museo de Arte Contemporáneo de Castilla y León : [exposición, septiembre 2006] /
Mención de responsabilidad, etc. Daniel Verbis ; [comisario, Javier Hernando ; textos, Javier Hernando, Elena Vozmediano, Daniel Verbis].
246 3# - FORMA VARIANTE DEL TITULO
Título propio/Titulo breve Mis ojos en tus ojos derramándose
260 ## - PUBLICACIÓN, DISTRIBUCIÓN, ETC.
Lugar de publicación, distribución, etc. [León] :
Nombre del editor, distribuidor, etc. MUSAC ;
Lugar de publicación, distribución, etc. [Madrid] :
Nombre del editor, distribuidor, etc. Turner,
Fecha de publicación, distribución, etc. [2006]
300 ## - DESCRIPCIÓN FÍSICA
Extensión 229 p. :
Otras características físicas il. col., fot. ;
Dimensiones 29 cm.
546 ## - NOTA DE IDIOMA
Nota de lengua/lenguaje Texto paralelo en español e inglés.
600 17 - PUNTO DE ACCESO ADICIONAL DE MATERIA--NOMBRE DE PERSONA
Nombre de persona Verbis, Daniel (
Fechas asociadas al nombre 1968)-
Subdivisión de forma Exposiciones.
9 (RLIN) 161294
655 #7 - TERMINO DE INDIZACIÓN--GENERO/FORMA
Fuente del término tgfbne
9 (RLIN) 193628
Datos o término principal de género/forma Catálogos de exposiciones
700 1# - ENTRADA AGREGADA--NOMBRE PERSONAL
Nombre de persona Hernando, Javier.
9 (RLIN) 63089
710 2# - ENTRADA AGREGADA--NOMBRE DE ENTIDAD CORPORATIVA
Nombre de entidad corporativa o nombre de jurisdicción como elemento de entrada Museo de Arte Contemporáneo de Castilla y León.
9 (RLIN) 161295
852 ## - LOCALIZACIÓN
Ubicación ES-MaACL
Número de control de estantería L-30836
Nota libre - enc. tela plata
942 ## - ELEMENTOS DE ENTRADA SECUNDARIOS (KOHA)
Fuente del sistema de clasificación o colocación Clasificación decimal universal
Holdings
Estatus retirado Estado de pérdida Estado de daño No para préstamo Biblioteca de origen Biblioteca actual Ubicación en estantería Fecha de adquisición Fuente de adquisición Total de préstamos Signatura topográfica completa Código de barras Visto por última vez Precio de reemplazo Tipo de ítem Koha
        Biblioteca del Ateneo de Madrid Biblioteca del Ateneo de Madrid Depósito 2 17/11/2016     L-30836 1196656 23/02/2023 23/02/2023 Libro impreso